| 000 | 00894nam a22002657a 4500 | ||
|---|---|---|---|
| 003 | OSt | ||
| 005 | 20221004121402.0 | ||
| 007 | ta | ||
| 008 | 140207s2012 dr 000 0 spa d | ||
| 020 | _a9789945475432 | ||
| 040 |
_aDO-SdBNP _bspa _cBNPHU |
||
| 082 | 4 |
_aRD863.5 _bM953c _222 |
|
| 100 | 1 |
_aMuñiz Patín, Moisés Ignacio _d1969- _977194 |
|
| 245 | 1 | 0 |
_aCuentos mundanos / _cMoisés Ignacio Muñiz Patín |
| 260 |
_aSanto Domingo : _bEdiciones Rumbo Norte, _c2012. |
||
| 300 |
_a82 p. ; _c23 cm. |
||
| 500 | _aIncluye datos biográficos del autor en la solapa de la portada. | ||
| 586 | _aPrimer Concurso Regional de Literatura, 2011. | ||
| 586 | _aPremio Cuento ¨Virgilio Díaz Grullón¨ | ||
| 590 | _aInventariado, 2020 / YL | ||
| 650 | 4 | _aCuentos dominicanos | |
| 650 | 4 | _aLiteratura dominicana | |
| 910 | _aYlockward/Validado. Control de calidad MFF | ||
| 942 |
_2ddc _cLBS1 |
||
| 999 |
_c49102 _d49102 |
||